ՀՀ Գիտությունների ազգային ակադեմիայի հիմնարար գիտական գրադարան  =   Fundamental Scientific Library of NAS RA

Պատմութիւն Մատթէոսի Ուռհայեցւոյ / (Record no. 444409)

MARC details
000 -LEADER
fixed length control field 01281nam a2200265 a 4500
003 - CONTROL NUMBER IDENTIFIER
control field AM-YeHGA
005 - DATE AND TIME OF LATEST TRANSACTION
control field 20250618075229.0
008 - FIXED-LENGTH DATA ELEMENTS--GENERAL INFORMATION
fixed length control field 040716s1869 is ||||fr|||||000|0|arm||
040 ## - CATALOGING SOURCE
Original cataloging agency AM-YeHGA
041 0# - LANGUAGE CODE
Language code of text/sound track or separate title arm
090 ## - LOCALLY ASSIGNED LC-TYPE CALL NUMBER (OCLC); LOCAL CALL NUMBER (RLIN)
-- 447227
100 ## - MAIN ENTRY--PERSONAL NAME
Personal name Մատթէոս Ուռհայեցի
9 (RLIN) 5409
245 10 - TITLE STATEMENT
Title Պատմութիւն Մատթէոսի Ուռհայեցւոյ /
Statement of responsibility, etc. Մատթէոս Ուռհայեցի.
246 1# - VARYING FORM OF TITLE
Title proper/short title Պատմութիւն
260 ## - PUBLICATION, DISTRIBUTION, ETC.
Place of publication, distribution, etc. Յերուսաղէմ :
Name of publisher, distributor, etc. տպ. Առաքելական աթոռոյ Ս. Յակովբեանց,
Date of publication, distribution, etc. 1869.
300 ## - PHYSICAL DESCRIPTION
Extent 6 չհամարակալված, 597 էջ ;
Dimensions 16 սմ.
500 ## - GENERAL NOTE
General note Ի հայրապետութեան Տ.Տ. Գէորգայ Սրբազան Կաթուղիկոսի Ամենայն Հայոց հրամանաւ Սրբոյ Երուսաղէմի պատրիարք Տ.Տ. Եսայեայ Սրբազան արքեպիսկոպոսի:
500 ## - GENERAL NOTE
General note Շարվածքը՝ 12x7,5 սմ:
500 ## - GENERAL NOTE
General note Տիտղթ. վրա՝ զարդ:
504 ## - BIBLIOGRAPHY, ETC. NOTE
Bibliography, etc. note Ծանոթագր.՝ էջ 548-582
504 ## - BIBLIOGRAPHY, ETC. NOTE
Bibliography, etc. note Ցանկ՝ էջ 583-597
650 14 - SUBJECT ADDED ENTRY--TOPICAL TERM
Topical term or geographic name entry element Հայ պատմիչների ստեղծագործությունները որպես պատմական աղբյուրներ
9 (RLIN) 4992
650 10 - SUBJECT ADDED ENTRY--TOPICAL TERM
Topical term or geographic name entry element Հայոց պատմություն
942 ## - ADDED ENTRY ELEMENTS (KOHA)
Source of classification or shelving scheme Universal Decimal Classification
Koha item type Գրքեր / Books
Holdings
Withdrawn status Lost status Source of classification or shelving scheme Damaged status Not for loan Collection Home library Current library Date acquired Total checkouts Full call number Barcode Date last seen Price effective from Koha item type Public note
    Universal Decimal Classification     General Fundamental Scientific Library Fundamental Scientific Library 07/05/2017   AI/16992 FL0576919 07/05/2017 07/05/2017 Գրքեր / Books 30 Days Loan


ՀՀ ԳԱԱ հիմնարար գիտական գրադարան
ՀՀ,Երևան 0019
Մարշալ Բաղրամյան 24/6
հեռախոս:(374-10) 52-47-50
Հետադարձ կապ

All site content, except where otherwise noted, is licensed under a
Creative Commons License